Statistiques concernant Pokémon-Devine le Pokémon à partir d'éléments de sa description

Cliquez ici pour prendre le quiz!

Statistiques générales

  • Ce quiz a été pris 30 fois
  • Le résultat moyen est 5 sur 15

Statistiques - réponses

IndicePokémon% Correct
Pokémon de type Psy de la 1ère génération, qui pèse 4.0 kgMew
70%
Pokémon tout en longueur, qui a pour Talent Air Lock, et pour attaque signature Draco AscensionRayquaza
61%
Pokémon qui n'est pas de type Dragon sous sa forme normale, et fait partie des 50 premiers Pokémon. Il mesure 1.7mDracaufeu
57%
Pokémon dont le Talent est Toison Epaisse, et dont le numéro de Pokédex est 676, et qui peut obtenir au total 10 formesCouafarel
35%
Pokémon de la 7ème génération, avec 8m de différence entre ses 2 formes, dont le groupe d'Oeufs est Aquatique 2Froussardine
35%
Pokémon dont le poids frôle les 10 kg avec ses 9.9 kg, a le numéro 004 dans un PokédexGruikui
35%
Pokémon qui mesure 1.2m sous sa plus petite forme, et 5.0m sous sa forme "standard", de type SolZygarde
35%
Pokémon de type Normal de la 9ème génération , dont l'évolution a 2 formes selon le sexeGourmelet
30%
Pokémon qui fait 2.0m pour 100.0kg, il est le Pokémon FruitTropius
30%
Pokémon qui subit des dégâts multipliés par 4 des attaques de type Feu, dont l'évolution peut Méga-Evoluer, et qui qui fait partie de l'équipe d'un(e) Champion(ne) d'Arène de SinnohBlizzi
26%
Pokémon situé entre les numéros 200 et 300, à double type et qui peut Méga-EvoluerDemolosse
26%
Pokémon de base ayant une préévolution dans une autre génération, et dont le poids de 1.0 kg se répartit dans son corps flottant au ventEoko
22%
Pokémon de type Poison mais pas que, mesure 0,5m, et a acquis une évolution dans la 8ème générationQwilfish
22%
Pokémon qui a le même double type que les Pokémon situés juste avant les légendaires de la 5ème génération, qui porte le numéro 851Scolocendre
22%
Pokémon qui mesure 0.2m pour 0.4 kg, asexué, de type Spectre, qui évolue de sa préévolution à l'aide d'un objetPolthégeist
17%

Distribution des résultats

Percentile par nombre de réponses

% des personnes avec chaque résultat

Votre développement - résultats

Vous n’avez pas pris ce quiz